[Event "It (cat.2) (a)"]
[Site "Gausdal (Norway)"]
[Date "2004.10.01"]
[Round "11"]
[White "Moskow Eric (USA)"]
[Black "Hunt Harriet (ENG)"]
[Result "0-1"]
[WhiteElo "2200"]
[BlackElo "2385"]

1.Nf3 Nf6 2.c4 e6 3.g3 d5 4.Bg2 Be7 5.O-O O-O 6.b3 b6 7.Bb2 Bb7 8.d3 Nbd7
9.Nbd2 Re8 10.Qc2 Bc5 11.a3 a5 12.d4 Bf8 13.Ne5 Qc8 14.e4 dxe4 15.Nxe4 Nxe4
16.Bxe4 Nf6 17.Bd3 g6 18.Rfe1 Bg7 19.Re2 c5 20.Rae1 Qc7 21.d5 exd5 22.cxd5
Bxd5 23.Bb5 Re6 24.f4 Ne8 25.Nd7 Nd6 26.Bxg7 Nxb5 27.Nf6+ Kxg7 28.Nxd5 Qd6
29.Rxe6 fxe6 30.Nc3 {#R} 0-1

[Event "Bundesliga 2004/05"]
[Site "Germany"]
[Date "2004.11.14"]
[Round "2"]
[White "Poldauf Dirk (GER)"]
[Black "Mueller Matthias (GER)"]
[Result "1-0"]
[WhiteElo "2418"]
[BlackElo "2079"]

1.c4 e6 2.g3 d5 3.Bg2 Nf6 4.Nf3 Be7 5.O-O O-O 6.b3 b6 7.Bb2 Bb7 8.e3 Nbd7
9.Qe2 a5 10.d3 a4 11.Nbd2 c5 12.Nh4 b5 13.cxb5 Qa5 14.bxa4 Qxa4 15.Rab1 Qxa2
16.f4 Rfb8 17.g4 Ne8 18.g5 Nd6 19.f5 Nxf5 20.Rxf5 exf5 21.Nxf5 Bf8 22.Nh6+
gxh6 23.gxh6 Ra4 24.Be4 Rxe4 25.Qg2+ {#r} 1-0

[Event "It (open)"]
[Site "Zadar (Croatia)"]
[Date "2004.12.14"]
[Round "3"]
[White "Kurajica Bojan (CRO)"]
[Black "Saric Ibro (BiH)"]
[Result "1-0"]
[WhiteElo "2541"]
[BlackElo "2441"]

1.Nf3 d5 2.c4 e6 3.g3 Nf6 4.Bg2 Be7 5.O-O O-O 6.b3 c5 7.Ne5 Qc7 8.f4 Nbd7
9.Bb2 d4 10.Nd3 e5 11.e3 Bd6 12.Na3 a6 13.Qc2 exf4 14.gxf4 dxe3 15.dxe3 Re8
16.Rae1 Ne4 17.Bxe4 {#r} 1-0

[Event "Ch Slovakia (team) 2004/05 (1 liga) West"]
[Site "Slovakia"]
[Round "5"]
[White "Kleman Miroslav (SVK)"]
[Black "Hefka V"]
[Result "1-0"]
[WhiteElo "2177"]
[BlackElo "2030"]

1.Nf3 Nf6 2.g3 d5 3.Bg2 e6 4.O-O Be7 5.c4 c6 6.b3 O-O 7.Bb2 Nbd7 8.Nc3 Nb6
9.d3 a5 10.Qc2 Bd7 11.e4 Qb8 12.Rfe1 Rc8 13.Nd1 Be8 14.Ne3 Nfd7 15.Rac1 a4
16.Qb1 axb3 17.axb3 Bb4 18.Re2 Nc5 19.Rd1 Ncd7 20.Nh4 Qd6 21.exd5 cxd5 22.cxd5
Nxd5 23.Nxd5 exd5 24.Nf5 {#r} 1-0

[Event "It (cat.14)"]
[Site "Drammen (Norway)"]
[Date "2005.01.04"]
[Round "8"]
[White "Lie Kjetil A (NOR)"]
[Black "Korchnoi Viktor (SUI)"]
[Result "1-0"]
[WhiteElo "2489"]
[BlackElo "2620"]

{ Lie Kjetil A (NOR) +1 =0 -0 } 1.c4 { 1 } 1...Nf6 2.g3 e6 3.Bg2 d5 4.Nf3 Be7
5.O-O O-O 6.Qc2 { = } 6...d4 ( 6...c5 7.d4 cxd4 8.Nxd4 Nc6 9.Nxc6 bxc6 10.Rd1
a5 11.Nc3 Ba6 12.b3 Qb6 13.Na4 Qb7 14.Bb2 Rfd8 15.Rab1 Rac8 16.Bc3 Qc7 17.Be1
Bb4 18.e3 Qe7 19.Bc3 Nd7 20.Qb2 Rb8 21.Bf1 Bb7 22.Qa1 Ra8 23.Rbc1 g6 24.Bg2
Ba6 25.Bb2 Rab8 26.Bf1 { ...1/2-1/2, Vaganian Rafael A 2615 - Georgiev Kiril
2610 , Debrecen 1992 Ch Europe (team) } ) 7.d3 ( 7.e3 c5 8.exd4 cxd4 9.d3 Ne8
10.b3 Nc6 11.Ba3 Nc7 12.Qb2 Bxa3 13.Nxa3 a5 14.Nb5 e5 15.Rae1 f6 16.Nxc7 Qxc7
17.Nh4 g5 18.Nf3 Bf5 19.Rd1 Bg6 20.a3 Qd6 { 1/2-1/2, Moor Roger 2409 -
Bischoff Klaus 2555 , Dresden 28. 7.2003 It (open) } ) 7...Nc6 ( 7...c5 8.e4
dxe3 9.fxe3 Nc6 10.a3 e5 11.Nc3 h6 12.b3 Be6 13.Bb2 Qd7 14.Rad1 Rad8 15.Ne4
Ng4 16.Qc1 f5 17.Nf2 f4 18.Nxg4 Bxg4 19.gxf4 exf4 20.exf4 Bd6 21.Ne5 Bxe5
22.Bd5+ Be6 23.Bxe5 Bxd5 24.cxd5 Qxd5 25.Qc4 Rf5 26.Rfe1 Nxe5 27.Rxe5 {
...0-1, Fucak Emilijo 2316 - Berzinsh Roland 2455 , Pula 2003 It (open) } )
8.a3 a5 9.e3 ( 9.e4 Nd7 10.Nbd2 b6 11.Ne1 Bb7 12.f4 f5 13.Nef3 a4 14.exf5 exf5
15.b4 Nf6 16.Re1 Ng4 17.Nf1 Bf6 18.b5 Na5 19.h3 Nb3 20.Rb1 Nh6 21.Bd2 Nxd2
22.N1xd2 Nf7 23.c5 Bd5 24.cxb6 cxb6 25.Nc4 Rc8 26.Qxa4 g5 27.Nce5 gxf4 28.gxf4
Kh8 { ...0-1, Leer-Salvesen Bjarte 2297 - Miladinovic Igor 2495 , Korinthos
2001 It (open) } ) ( 9.b3 Nd7 10.e4 Nc5 11.Nbd2 e5 12.Ne1 g6 13.f4 exf4
14.gxf4 f5 15.e5 h6 16.Rb1 Ne6 17.Bd5 Kh7 18.Ng2 Bc5 19.Nf3 Qe7 20.Qb2 Rg8
21.h4 Rd8 22.Ra1 Ng7 23.Nfe1 Be6 24.Bf3 Rdb8 25.Qf2 Ra6 26.Nc2 b5 27.Bxc6 Rxc6
28.Nxd4 a4 { ...0-1, Mishra Neeraj-Kumar 2341 - Gokhale Chandrashekhar 2374 ,
Nagpur 2002 Ch India } ) 9...e5 { N } ( 9...dxe3 10.Bxe3 e5 11.Nc3 Bf5 12.Rad1
Nd4 13.Bxd4 exd4 14.Nb5 Bc5 15.b4 axb4 16.axb4 Bxb4 17.Nfxd4 Bc8 18.c5 c6
19.Nd6 Nd7 20.Nb3 Nxc5 21.Nxc8 Ne6 22.Qc4 Ba3 23.Bh3 Rxc8 24.Bxe6 fxe6
25.Qxe6+ Kh8 26.d4 Qd5 27.Qxd5 cxd5 28.Rd3 Be7 29.Kg2 { ...1/2-1/2, Wohl
Aleksandar H 2398 - West Guy 2445 , Melbourne 1991 It } ) 10.exd4 exd4 { }
11.Bg5 Bg4 12.Re1 Qd7 13.Nbd2 Rfe8 14.Re2 Bf8 { ?! } ( 14...h6 { !? } 15.Bxf6
Bxf6 16.Ne4 Be7 { } ) 15.Rxe8 Nxe8 16.Bf4 h6 17.h4 f6 18.Ne4 a4 19.Re1 Na5
20.c5 Kh8 21.Bd2 Bxf3 { ?! } ( 21...Nb3 { !? } 22.Bb4 Qb5 23.Qc4 Qxc4 { } )
22.Bxf3 f5 23.Ng5 { ? } ( { ? } 23.Bxa5 fxe4 24.c6 Qd8 25.cxb7 { } ) 23...hxg5
{ ! } ( 23...Nc6 24.Ne6 Nf6 25.b4 Ng4 { } ) 24.Bxa5 Rxa5 25.c6 Qd6 { ?? } ( {
? } 25...Qd8 26.cxb7 gxh4 27.b4 Ra6 { } ) {#r} 1-0

[Event "Cup Belgrade 2005 (team)"]
[Site "Belgrade (Yugoslavia)"]
[Date "2005.04.06"]
[Round "2"]
[White "Jovic Aleksandar (SRB)"]
[Black "Vukovic Dusan M (SRB)"]
[Result "0-1"]
[WhiteElo "2409"]
[BlackElo "2216"]

1.c4 Nf6 2.g3 e6 3.Bg2 d5 4.Nf3 Be7 5.O-O O-O 6.b3 Ne4 7.Bb2 Bf6 8.Qc2 Bxb2
9.Qxb2 Nd7 10.Na3 a5 11.d3 Nd6 12.Rac1 c5 13.cxd5 exd5 14.d4 Qf6 15.Ne5 cxd4
16.Ng4 Qe7 17.Qxd4 Nf5 18.Qxd5 h5 19.Qxf5 hxg4 20.Nb5 Nf6 21.Qc2 Bd7 22.Nd4
Rac8 23.Qd2 b6 24.Rxc8 Rxc8 25.Rc1 Rc5 26.Qf4 a4 27.Rd1 axb3 28.axb3 Nd5
29.Qd2 Qe5 30.e4 Nc3 {#R} 0-1

[Event "Memorial J.Capablanca (b) (cat.8)"]
[Site "Habana (Cuba)"]
[Date "2005.05.07"]
[Round "2"]
[White "Flores Diego (ARG)"]
[Black "Ortega Mariano (CUB)"]
[Result "1-0"]
[WhiteElo "2479"]
[BlackElo "2393"]

1.Nf3 Nf6 2.g3 d5 3.Bg2 e6 4.O-O Be7 5.c4 O-O 6.b3 b6 7.Bb2 Bb7 8.e3 c5 9.Nc3
Nbd7 10.Qe2 Rc8 11.Rfd1 Qc7 12.cxd5 Nxd5 13.Nxd5 Bxd5 14.e4 Bb7 15.d4 Nf6
16.d5 exd5 17.Be5 Qd7 18.exd5 Nxd5 19.Bb2 Rcd8 20.Ne5 Qe6 21.Qc4 Bf6 22.Re1
Qc8 23.Rad1 Qa8 24.Rd2 Rfe8 25.Rde2 Bxe5 26.Bxe5 Re6 27.Qg4 Rg6 28.Qf5 Ne3
29.fxe3 {#r} 1-0

[Event "Ch Greece (team)"]
[Site "Greece"]
[Date "2005.07.07"]
[Round "4"]
[White "Pountzas Hrisanthos (GRE)"]
[Black "Ragger Markus (AUT)"]
[Result "1-0"]
[WhiteElo "2255"]
[BlackElo "2433"]

1.c4 e6 2.g3 Nf6 3.Bg2 d5 4.Nf3 Be7 5.O-O O-O 6.b3 b6 7.Bb2 Bb7 8.e3 Nbd7
9.Nc3 Ne4 10.cxd5 exd5 11.Qc2 c5 12.d3 Nd6 13.d4 Nf6 14.dxc5 bxc5 15.Rfd1 Nde4
16.Nh4 Qc8 17.Nxd5 Bxd5 18.Rxd5 Nxd5 19.Qxe4 Rd8 20.Nf5 Bf8 21.Nh6+ gxh6
22.Qe5 f6 23.Bxd5+ Rxd5 24.Qxd5+ Kg7 25.Rd1 Rb8 26.e4 c4 27.Rc1 {#r} 1-0

[Event "Ch Paris (open)"]
[Site "Paris (France)"]
[Date "2005.07.11"]
[Round "3"]
[White "Serafimov Tervel (BUL)"]
[Black "Greiff Hakan (SWE)"]
[Result "1-0"]
[WhiteElo "2401"]
[BlackElo "2266"]

1.c4 e6 2.g3 d5 3.Nf3 Nf6 4.Bg2 Be7 5.O-O O-O 6.b3 c5 7.Bb2 Nc6 8.e3 Re8 9.d3
Rb8 10.Ne5 Nxe5 11.Bxe5 Bd6 12.f4 Bxe5 13.fxe5 Nd7 14.d4 dxc4 15.bxc4 Nb6
16.Nd2 cxd4 17.Ne4 Nxc4 18.Qh5 Nxe3 19.Rxf7 Re7 20.Nf6+ {#r} 1-0

[Event "It (open)"]
[Site "Falconara Marittima (Italy)"]
[Date "2005.07.22"]
[Round "7"]
[White "Castrogiovanni Carlo (ITA)"]
[Black "Giacometti Carlo (ITA)"]
[Result "0-1"]
[WhiteElo "2106"]
[BlackElo "2062"]

1.Nf3 d5 2.c4 e6 3.g3 Nf6 4.Bg2 Be7 5.O-O O-O 6.b3 d4 7.Bb2 c5 8.e3 Nc6 9.Na3
e5 10.exd4 exd4 11.d3 Bg4 12.Qd2 Qd7 13.Rfe1 Bd8 14.Nc2 Ba5 15.b4 Nxb4 16.Ne5
Qa4 17.Rec1 Nc6 18.Bxc6 bxc6 19.Qg5 h6 20.Qh4 Be6 21.Ba3 Bd2 22.f4 Bxc1
23.Rxc1 Qa5 24.Nxc6 Qd2 25.Ne1 Ng4 26.f5 Qf2+ {#R} 0-1

[Event "It (open)"]
[Site "Bergamo (Italy)"]
[Date "2005.07.31"]
[Round "6"]
[White "Ranola Yves (PHI)"]
[Black "Dervishi Erald (ALB)"]
[Result "1-0"]
[WhiteElo "2455"]
[BlackElo "2489"]

1.c4 e6 2.g3 d5 3.Bg2 Nf6 4.Nf3 Be7 5.O-O O-O 6.Qc2 b6 7.cxd5 exd5 8.d4 Bb7
9.Bf4 Na6 10.Nc3 c5 11.Rad1 Qc8 12.Be5 Rd8 13.Ng5 g6 14.h4 Nc7 15.Qb3 Ne6
16.Nxe6 fxe6 17.Nb5 Ne8 18.h5 g5 19.f4 Bc6 20.fxg5 Bxg5 21.Rf7 {#r} 1-0

[Event "Ch Region"]
[Site "Torino (Italy)"]
[Date "2005.12.06"]
[Round "5"]
[White "Sorcinelli Francesco (ITA)"]
[Black "Ranieri Fabrizio (ITA)"]
[Result "0-1"]
[WhiteElo "2071"]
[BlackElo "2247"]

1.Nf3 e6 2.c4 d5 3.g3 Nf6 4.Bg2 Be7 5.O-O O-O 6.b3 Nbd7 7.Bb2 c6 8.Qc2 b6 9.d3
Bb7 10.Nbd2 Rc8 11.Rac1 c5 12.e4 Qc7 13.cxd5 exd5 14.e5 Ng4 15.d4 Qd8 16.Qf5
Nh6 17.Qh5 Ba6 18.Rfe1 Bd3 19.Nh4 cxd4 20.Bxd5 Rxc1 21.Bxc1 Nc5 22.Be4 Bg5
23.Qf3 Bxd2 24.Bxd2 Bxe4 25.Rxe4 Nxe4 26.Bxh6 Ng5 27.Qh5 gxh6 28.Nf5 Ne6
29.Nxh6+ Kh8 30.Ng4 Qg5 {#R} 0-1

[Event "Ch Europe (active)"]
[Site "Warsaw (Poland)"]
[Date "2005.12.18"]
[Round "9"]
[White "Jaroch Pawel (POL)"]
[Black "Ejsmont Krzysztof (POL)"]
[Result "0-1"]
[WhiteElo "2095"]
[BlackElo "2395"]

1.c4 Nf6 2.g3 e6 3.Bg2 d5 4.Nf3 Be7 5.O-O O-O 6.b3 c5 7.d3 Nc6 8.Nbd2 b6 9.Bb2
Bb7 10.a3 Qc7 11.Rc1 d4 12.e4 dxe3 13.fxe3 Rad8 14.d4 Rd7 15.Qe2 Rfd8 16.Rfd1
h6 17.Qd3 Ng4 18.Ne4 f5 19.Nf2 Nxf2 20.Kxf2 Bf6 21.Qe2 Kf7 22.d5 exd5 23.cxd5
Ne5 24.e4 Kg8 {#R} 0-1

[Event "Ch Provinciale CS"]
[Site "Rossano (Italy)"]
[Date "2006.02.18"]
[Round "1"]
[White "Forlano Luigi (ITA)"]
[Black "Piccoli Vincenzo (ITA)"]
[Result "1-0"]
[WhiteElo "2004"]
[BlackElo "2009"]

1.c4 Nf6 2.g3 e6 3.Bg2 d5 4.Nf3 Be7 5.O-O O-O 6.b3 c6 7.d3 Nbd7 8.Bb2 Re8
9.Nbd2 Bf8 10.Qc2 e5 11.e3 Qc7 12.cxd5 Nxd5 13.Rad1 Nb4 14.Qb1 Kh8 15.d4 exd4
16.Ng5 Nf6 17.Bxd4 h6 18.Bxf6 hxg5 19.Bxg5 Qa5 20.Bf4 Qxa2 21.Qc1 Nd3 22.Qc3
Nxf4 23.gxf4 Qa3 24.e4 Qc5 25.Qg3 Be7 26.Nc4 Qh5 27.Nd6 Rd8 28.Bf3 Bg4 29.Bxg4
{#r} 1-0

[Event "Ch Europe (seniors) (team)"]
[Site "Dresden (Germany)"]
[Date "2006.02.20"]
[Round "4"]
[White "Jansson Borje (SWE)"]
[Black "Crombleholme Alan (ENG)"]
[Result "1-0"]
[WhiteElo "2334"]
[BlackElo "2110"]

1.Nf3 d5 2.c4 e6 3.g3 Nf6 4.Bg2 Be7 5.O-O O-O 6.b3 c5 7.e3 Nc6 8.Bb2 b6 9.Qe2
Bb7 10.Rd1 Qc7 11.Nc3 Rad8 12.cxd5 Nxd5 13.Nxd5 Rxd5 14.d4 cxd4 15.Nxd4 Nxd4
16.Bxd4 Rd7 17.Rac1 Qb8 18.Qg4 g6 19.Bxb7 Rxb7 20.Qe4 Rd8 21.Be5 Rxd1+ 22.Rxd1
Qc8 23.Qd4 Qc5 24.Qb2 Qc8 25.Qd4 Qe8 26.h4 h5 27.Qf4 Kh7 28.Qf3 {#r} 1-0

[Event "It "]
[Site "Avoine (France)"]
[Date "2006.02.24"]
[Round "1"]
[White "Careil Jerome (FRA)"]
[Black "Loiret Stanislas (FRA)"]
[Result "0-1"]
[WhiteElo "2022"]
[BlackElo "2235"]

1.Nf3 d5 2.c4 e6 3.g3 Nf6 4.Bg2 Be7 5.O-O O-O 6.b3 c5 7.e3 Nc6 8.Bb2 b6 9.d4
Ba6 10.Nbd2 Rc8 11.Re1 cxd4 12.exd4 Na5 13.Ne5 dxc4 14.Bc3 cxb3 15.Bxa5 b2
16.Rb1 Nd5 17.Rxb2 bxa5 18.Qg4 Bb4 19.Nxf7 Rxf7 20.Qxe6 Nc7 21.Qg4 h5 22.Qxh5
Qxd4 23.Bd5 Qxf2+ {#R} 0-1

[Event "Ch Ukraine (w) (1/2 final)"]
[Site "Evpatoria (Russia)"]
[Date "2006.04.06"]
[Round "9"]
[White "Finkelshtein Evgenia (UKR)"]
[Black "Bidkova Viktoria (UKR)"]
[Result "0-1"]
[WhiteElo "2118"]
[BlackElo "2017"]

1.c4 e6 2.g3 d5 3.Nf3 Nf6 4.Bg2 Be7 5.O-O O-O 6.b3 c6 7.d3 Nbd7 8.Nc3 b6 9.Qc2
Bb7 10.e4 dxe4 11.dxe4 e5 12.Nh4 g6 13.Bh6 Re8 14.h3 Nf8 15.Rad1 Qc7 16.f4 Nh5
17.Qd3 exf4 18.Bxf4 Nxf4 19.Rxf4 g5 20.Nf5 gxf4 21.Nh6+ Kg7 22.Nf5+ Kh8 {#R}
0-1

[Event "Ch Spain (universities)"]
[Site "Madrid (Spain)"]
[Date "2006.05.08"]
[Round "7"]
[White "Reinaldo Castineira Roi (ESP)"]
[Black "Ruiz Marana Alejandro (ESP)"]
[Result "1-0"]
[WhiteElo "2441"]
[BlackElo "2114"]

1.c4 e6 2.Nf3 d5 3.g3 Nf6 4.Bg2 Be7 5.O-O O-O 6.b3 c6 7.Bb2 Nbd7 8.d3 b6
9.Nbd2 Bb7 10.e4 dxe4 11.dxe4 Nc5 12.e5 Nfd7 13.Qc2 a5 14.h4 Qc7 15.Rfe1 Rfd8
16.Nf1 Nf8 17.Bc3 Rd7 18.h5 Rad8 19.h6 Ng6 20.hxg7 Nd3 21.Re2 Bb4 22.N1h2 Bxc3
23.Qxc3 Nb4 24.Ng4 Rd3 25.Qc1 Rd1+ 26.Qxd1 Rxd1+ 27.Rxd1 c5 28.Nf6+ {#r} 1-0

[Event "It (open)"]
[Site "Villa Martelli (Argentina)"]
[Round "4"]
[White "Aguilar Andres (ARG)"]
[Black "Diaz Diego (ARG)"]
[Result "1-0"]
[WhiteElo "2258"]
[BlackElo "2070"]

1.c4 Nf6 2.Nf3 e6 3.g3 d5 4.Bg2 Be7 5.O-O O-O 6.b3 c6 7.Bb2 Nbd7 8.Qc2 a6 9.d4
Bd6 10.Nbd2 c5 11.cxd5 exd5 12.dxc5 Nxc5 13.Ng5 g6 14.Qc3 Be7 15.e4 Ne6
16.Nxe6 Bxe6 17.exd5 Bxd5 18.Bxd5 Qxd5 19.Rfe1 Rac8 20.Nc4 Bd8 21.Rad1 Qc6
22.Qd4 h5 23.Nd6 Rb8 24.Ne4 Kg7 25.Rc1 {#r} 1-0

[Event "Tournament (open)"]
[Site "Pszczyna (Poland)"]
[Date "2006.07.18"]
[Round "2"]
[White "Kasprzyk Tomasz (POL)"]
[Black "Ulak Slawomir (POL)"]
[Result "1-0"]
[WhiteElo "2063"]
[BlackElo "2284"]

1.c4 Nf6 2.Nf3 e6 3.g3 d5 4.Bg2 Be7 5.O-O O-O 6.b3 c5 7.d3 Nc6 8.e3 e5 9.cxd5
Nxd5 10.a3 Bg4 11.h3 Bh5 12.Bb2 f6 13.Nbd2 Qd7 14.Nc4 {#r} 1-0

[Event "It (open)"]
[Site "Balaguer (Spain)"]
[Date "2006.07.19"]
[Round "3"]
[White "Kohlweyer Bernd (GER)"]
[Black "Ibarra Chami Luis (MEX)"]
[Result "1-0"]
[WhiteElo "2402"]
[BlackElo "2339"]

1.Nf3 d5 2.c4 e6 3.g3 Nf6 4.Bg2 Be7 5.O-O dxc4 6.Qc2 O-O 7.a4 a5 8.Na3 Nd5
9.Nxc4 b6 10.b3 Nd7 11.Bb2 Bf6 12.d4 Bb7 13.Rad1 Nb4 14.Qb1 g6 15.e4 Qe7
16.Rfe1 Rfe8 17.h4 Qf8 18.Qc1 c5 19.e5 Be7 20.Ng5 Bxg2 21.Kxg2 cxd4 22.Rxd4
Nc5 23.Qc3 Rad8 24.Nd6 Bxd6 25.exd6 e5 26.Rdd1 Na2 27.Qc4 h6 28.Nf3 Rxd6
29.Nxe5 Ne6 30.Ng4 {#r} 1-0

[Event "It (open) "]
[Site "Rodatychi (Ukraine)"]
[Date "2006.08.31"]
[Round "8"]
[White "Ianov Viktor (UKR)"]
[Black "Kravtsiv Martyn (UKR)"]
[Result "0-1"]
[WhiteElo "2356"]
[BlackElo "2446"]

1.g3 Nf6 2.Bg2 d5 3.Nf3 e6 4.O-O Be7 5.c4 O-O 6.b3 c5 7.Bb2 Nc6 8.e3 b6 9.Nc3
dxc4 10.bxc4 Bb7 11.a3 Qd3 12.Re1 Qxc4 13.d4 cxd4 14.exd4 Na5 15.Ne5 Qc7
16.Nb5 Qb8 17.Bh3 Qd8 18.f3 Bd5 19.Rc1 Nd7 20.Nc7 Bb3 21.Qe2 Nxe5 22.Nxa8 Nec6
23.d5 Bxd5 24.f4 Bc5+ 25.Kf1 Qxa8 26.f5 Ne7 27.f6 Bc4 28.Bg2 Bxe2+ 29.Rxe2 Nd5
30.fxg7 Rd8 {#R} 0-1

[Event "It (cat.3)"]
[Site "Moscow (Russia)"]
[Date "2006.11.18"]
[Round "13"]
[White "Markosian David S (ARM)"]
[Black "Plotnikov Pavel (RUS)"]
[Result "0-1"]
[WhiteElo "2359"]
[BlackElo "2291"]

1.Nf3 e6 2.g3 d5 3.Bg2 Nf6 4.O-O Be7 5.c4 O-O 6.b3 c5 7.Bb2 Nc6 8.d3 Qd6
9.Nbd2 Rd8 10.a3 a6 11.Qc2 b5 12.Rfd1 Bb7 13.Rac1 d4 14.Nf1 e5 15.e4 bxc4
16.Qxc4 Bc8 17.Ng5 Rf8 18.b4 h6 19.bxc5 Qb8 20.Rb1 hxg5 21.Bxd4 Qc7 22.Bc3 Be6
23.Qa4 Bxc5 24.Rdc1 Qd6 25.Be1 Nd4 26.Rxc5 Qxc5 {#R} 0-1

[Event "It (open)"]
[Site "Zagreb (Croatia)"]
[Date "2007.03.18"]
[Round "2"]
[White "Hibner Branko (CRO)"]
[Black "Brumen Dinko (CRO)"]
[Result "0-1"]
[WhiteElo "2094"]
[BlackElo "2402"]

1.c4 e6 2.Nf3 Nf6 3.g3 d5 4.Bg2 Be7 5.O-O O-O 6.b3 b6 7.cxd5 Nxd5 8.Bb2 Bb7
9.Nc3 c5 10.d3 Nc6 11.Ne4 f5 12.Ned2 Bf6 13.Bxf6 Qxf6 14.Nc4 Rad8 15.Qd2 e5
16.Qb2 Rfe8 17.Rad1 Re7 18.Rfe1 g5 19.a3 b5 20.Ne3 Nd4 21.Nxd5 Bxd5 22.Nxd4
exd4 23.e4 fxe4 24.dxe4 Bf7 25.Re3 Qb6 26.Rf3 Bh5 {#R} 0-1

[Event "Ch Berlin"]
[Site "Berlin (Germany)"]
[Date "2007.04.07"]
[Round "2"]
[White "Domingo Miguel (FRA)"]
[Black "Kiesekamp Marcos (GER)"]
[Result "0-1"]
[WhiteElo "2200"]
[BlackElo "2294"]

1.c4 e6 2.g3 d5 3.Nf3 Nf6 4.Bg2 Be7 5.O-O O-O 6.b3 b6 7.Bb2 Bb7 8.e3 c5 9.Nc3
dxc4 10.bxc4 Nc6 11.Qe2 Qc7 12.Rfd1 a6 13.Rab1 Na5 14.Ba1 Rab8 15.d3 Nd7 16.a4
Rfd8 17.Rd2 Nc6 18.Ne1 Nb4 19.f4 Bxg2 20.Qxg2 Nf6 21.g4 Rd7 22.g5 Ne8 23.Ne4
Rbd8 24.Rbd1 Qc6 25.Nc3 Qxg2+ 26.Kxg2 Nd6 27.Kf2 Nxc4 {#R} 0-1

[Event "It (open)"]
[Site "Dubai (United Arab Emirates)"]
[Date "2007.04.25"]
[Round "4"]
[White "Adly Ahmed (EGY)"]
[Black "Sethuraman S P (IND)"]
[Result "1-0"]
[WhiteElo "2494"]
[BlackElo "2427"]

1.Nf3 Nf6 2.g3 e6 3.Bg2 d5 4.O-O Be7 5.c4 dxc4 6.Na3 O-O 7.Nxc4 c5 8.b3 Nc6
9.Bb2 Nd5 10.d4 b5 11.Na3 Rb8 12.dxc5 Bxc5 13.Qc2 Qe7 14.Ng5 f5 15.Rac1 Bd4
16.Bxd5 exd5 17.Nf3 Nb4 18.Qd2 Bxb2 19.Qxb2 f4 20.Rfe1 fxg3 21.hxg3 Bg4 22.Qe5
Rfe8 23.Qf4 Qe5 {#r} 1-0

[Event "Tournament (Elo)"]
[Site "Perm (Russia)"]
[Date "2007.05.22"]
[Round "5"]
[White "Zhuikova Elena (RUS)"]
[Black "Goldshtein Grigory (RUS)"]
[Result "1-0"]
[WhiteElo "2158"]
[BlackElo "2096"]

1.Nf3 d5 2.g3 Nf6 3.Bg2 e6 4.O-O Be7 5.c4 c6 6.b3 Nbd7 7.Bb2 O-O 8.d3 b6 9.Qc2
Bb7 10.Bc3 a5 11.a3 b5 12.Qd2 Nc5 13.Qc2 Na6 14.Nbd2 b4 15.axb4 axb4 16.Bb2 c5
17.cxd5 exd5 18.e4 d4 19.Nc4 Nc7 20.Na5 Ba6 21.Nc6 Qd6 22.e5 Qxc6 23.Nxd4 Qb6
24.exf6 Bxf6 25.Bxa8 Rxa8 26.Nf5 Rd8 27.Bxf6 gxf6 28.Qe2 Ne6 29.Qg4+ Kh8
30.Rfe1 {#r} 1-0

[Event "Ch Puerto Rico"]
[Site "Puerto Rico"]
[Date "2007.07.25"]
[Round "9"]
[White "Santa Torres Juan (PUR)"]
[Black "Bermudez Adams William (PUR)"]
[Result "0-1"]
[WhiteElo "2224"]
[BlackElo "2201"]

1.Nf3 d5 2.c4 e6 3.g3 Nf6 4.Bg2 Be7 5.O-O O-O 6.b3 c5 7.Bb2 d4 8.d3 Nc6 9.a3
e5 10.b4 cxb4 11.axb4 Bxb4 12.Ba3 Bxa3 13.Nxa3 Be6 14.Qb3 Qd7 15.Rfb1 Rab8
16.Ra2 h6 17.Nd2 Bg4 18.Qd1 {#R} 0-1

[Event "It (open)"]
[Site "Tilburg (Netherlands)"]
[Date "2007.08.18"]
[Round "3"]
[White "Ernst Sipke (NED)"]
[Black "Konijn Bart (NED)"]
[Result "0-1"]
[WhiteElo "2539"]
[BlackElo "2239"]

1.c4 e6 2.Nf3 d5 3.g3 Nf6 4.Bg2 Be7 5.O-O O-O 6.b3 b6 7.Bb2 Bb7 8.e3 c5 9.Qe2
Nc6 10.d3 Qc7 11.Rd1 Rfd8 12.Nbd2 a5 13.d4 a4 14.dxc5 bxc5 15.Rac1 axb3
16.axb3 Ra2 17.Bxf6 Bxf6 18.cxd5 Rxd5 19.e4 Rd8 20.Qe3 {#R} 0-1

[Event "It (open)"]
[Site "Istanbul (Turkey)"]
[Date "2007.09.05"]
[Round "7"]
[White "Mamedov Rauf (AZE)"]
[Black "Sanikidze Tornike (GEO)"]
[Result "1-0"]
[WhiteElo "2586"]
[BlackElo "2474"]

1.Nf3 Nf6 2.c4 e6 3.g3 Be7 4.Bg2 d5 5.O-O O-O 6.b3 b6 7.Bb2 Bb7 8.d4 dxc4
9.bxc4 c5 10.e3 cxd4 11.exd4 Qc7 12.Qe2 Nc6 13.Nbd2 Rac8 14.Rac1 Rfe8 15.Rfe1
Qb8 16.Ng5 Na5 17.d5 exd5 18.Qd3 d4 19.Bxd4 Rcd8 20.Bf1 {#r} 1-0

[Event "Ch Belgrade (team) (Premijer liga)"]
[Site "Belgrade (Yugoslavia)"]
[Date "2007.09.26"]
[Round "2"]
[White "Jovic Aleksandar (SRB)"]
[Black "Pavlovic Dragoljub (SRB)"]
[Result "0-1"]
[WhiteElo "2384"]
[BlackElo "2268"]

1.g3 Nf6 2.Bg2 d5 3.c4 e6 4.Nf3 Be7 5.O-O O-O 6.Qc2 Nbd7 7.d3 c6 8.e4 dxe4
9.dxe4 Qc7 10.b3 Re8 11.Bb2 e5 12.a3 a5 13.Nbd2 Bf8 14.Bc3 b6 15.b4 axb4
16.axb4 Rxa1 17.Rxa1 c5 18.b5 Bb7 19.Ne1 g6 20.f3 Bh6 21.Bf1 Nf8 22.Qb2 N6d7
23.Bh3 Ne6 {#R} 0-1

[Event "Ch Belgrade (team) (Premijer liga)"]
[Site "Belgrade (Yugoslavia)"]
[Date "2007.09.27"]
[Round "3"]
[White "Cobic Vladimir (SRB)"]
[Black "Grbic Milorad (SRB)"]
[Result "0-1"]
[WhiteElo "2323"]
[BlackElo "2296"]

1.g3 d5 2.Bg2 Nf6 3.c4 e6 4.Nf3 Be7 5.O-O O-O 6.Qc2 c5 7.cxd5 Nxd5 8.Nc3 Nc6
9.a3 b6 10.Nxd5 exd5 11.b4 c4 12.b5 Na5 13.Bb2 Bf6 14.Ne5 Be6 15.d4 Rc8 16.f4
Bxe5 17.fxe5 Qd7 18.a4 Bh3 19.Bc3 Bxg2 20.Kxg2 Nb3 21.Rad1 a6 22.Bb4 Rfe8 {#R}
0-1

[Event "It (open) "]
[Site "Moscow (Russia)"]
[Date "2007.10.18"]
[Round "5"]
[White "Dolbnia Dmitry (RUS)"]
[Black "Gaboev Batraz (RUS)"]
[Result "0-1"]
[WhiteElo "2039"]
[BlackElo "2124"]

1.Nf3 Nf6 2.g3 d5 3.Bg2 e6 4.O-O Be7 5.c4 dxc4 6.Qa4+ c6 7.Qxc4 b5 8.Qc2 Bb7
9.b3 Nbd7 10.Bb2 c5 11.a4 bxa4 12.bxa4 O-O 13.Na3 Nd5 14.Nc4 Nb4 15.Qc1 Rc8
16.Nfe5 Bxg2 17.Kxg2 Nxe5 18.Bxe5 Qd7 19.Kh1 Rfd8 20.d3 f6 21.Bb2 Rb8 22.Qe3
{#R} 0-1